zpět

Detail výsledku týmu

R.A.M., Jablonec nad Nisou

Datum a čas kvízu

22 Celkem bodů Celkový počet nahraných bodů na tomto kvízu bez doplňovacích otázek.
17. Pořadí na kvízu Konečné umístění týmu na tomto kvízu.

Zaznamenané odpovědi

# Otázka Odpověď Body Výsledky
1. Český prezident Miloš Zeman se... Vídeň, šilink (Schilling) 1
2. Mezinárodní skupina vědců přiš... Skrillex 0
3. Minulé pondělí mohli fanoušci... D 1
4. Švédský nábytkářský řetězec IK... začne nabízet pronájem nábytku 0
5. Minulý čtvrtek začalo ve finsk... v ledním hokeji (žen) 1
6. V tomto tématu ověříme vaše zn... Zvěř nehájenou lze lovit po celý rok, zvěř hájená má omezenou dobu lovu. 1
7. Kterým slovem začínajícím na p... kozlice 0
8. Která zvířata je možno spatřit... bílí jeleni 0
9. Kolikaterák je tento jelen? desaterák (nerovný) 1
10. Co v myslivecké mluvě znamená... kančí kly 0